书目信息 |
| 题名: |
果品贮藏保鲜与加工
|
|
| 作者: | ;山东果树技术培训中心 编著 | |
| 分册: | ||
| 出版信息: | 北京 中国农业出版社 1996 |
|
| 页数: | 214页 | |
| 开本: | 19cm | |
| 丛书名: | ||
| 单 册: | ||
| 中图分类: | S660.9 | |
| 科图分类: | 65.517 | |
| 主题词: | 果品--食品贮藏 , 水果加工 , 水果--食品保鲜 | |
| 电子资源: | ||
| ISBN: | 978-7-109-04502-6 | |
| 000 | 00808n|m0 2200265 450 | |
| 001 | 0102535563 | |
| 005 | 20121109170000.0 | |
| 010 | @a978-7-109-04502-6@dCNY10.80 | |
| 100 | @a20021005d1996 em y0chiy0110 ea | |
| 101 | 0 | @achi |
| 102 | @aCN@b110000 | |
| 105 | @ay z 000yy | |
| 135 | @adrbn ---auuuu | |
| 200 | 1 | @a果品贮藏保鲜与加工@9Guo Pin Zhu Cang;Zang Bao Xian Yu Jia Gong @f山东果树技术培训中心编著@b电子资源.图书 |
| 210 | @a北京@c中国农业出版社@d1996 | |
| 215 | @a214页@d19cm | |
| 325 | @a电子复制品 | |
| 606 | 0 | @a果品@x食品贮藏 |
| 606 | 0 | @a水果加工 |
| 606 | 0 | @a水果@x食品保鲜 |
| 690 | @aS660.9@v3 | |
| 692 | @a65.517 | |
| 711 | 02 | @a山东果树技术培训中心@9shan dong guo shu ji shu pei xun zhong xin@4编著 |
| 801 | 0 | @aCN@bAZmarc@c20230903 |
| 905 | @dS660.9@e12@f10@sS660.9/12@aBZT | |
| 果品贮藏保鲜与加工/山东果树技术培训中心编著[电子资源.图书].-北京:中国农业出版社,1996 |
| 214页;19cm |
| ISBN 978-7-109-04502-6:CNY10.80 |
| ● |
| 相关链接 |
|
|
|
正题名:果品贮藏保鲜与加工
索取号:S660.9/12
 
预约/预借
| 序号 | 登录号 | 条形码 | 馆藏地/架位号 | 状态 | 备注 |
| 1 | 2000114753 | 2000114753 | 旧书回溯/ [索取号:S660.9/12] | 在馆 | |
| 2 | 2000114754 | 2000114754 | 旧书回溯/ [索取号:S660.9/12] | 在馆 | |
| 3 | 2000114755 | 2000114755 | 旧书回溯/ [索取号:S660.9/12] | 在馆 | |
| 4 | 2000114756 | 2000114756 | 旧书回溯/ [索取号:S660.9/12] | 在馆 | |
| 5 | 2000114757 | 2000114757 | 旧书回溯/ [索取号:S660.9/12] | 在馆 | |
| 6 | 2000114758 | 2000114758 | 旧书回溯/ [索取号:S660.9/12] | 在馆 | |
| 7 | 2000137368 | 2000137368 | 旧书回溯/ [索取号:S660.9/12] | 在馆 | |
| 8 | 2000137369 | 2000137369 | 旧书回溯/ [索取号:S660.9/12] | 在馆 | |
| 9 | 2000137370 | 2000137370 | 旧书回溯/ [索取号:S660.9/12] | 在馆 | |
| 10 | 2000137371 | 2000137371 | 旧书回溯/ [索取号:S660.9/12] | 在馆 |